शैलिविज्ञान / (Record no. 111772)
[ view plain ]
| 000 -LEADER | |
|---|---|
| fixed length control field | 01068nam a22002657a 4500 |
| 005 - DATE AND TIME OF LATEST TRANSACTION | |
| control field | 20170124102929.0 |
| 010 ## - LIBRARY OF CONGRESS CONTROL NUMBER | |
| LC control number | B-032744 |
| 020 ## - INTERNATIONAL STANDARD BOOK NUMBER | |
| Terms of availability | 175.00 |
| International Standard Book Number | 8170557380 |
| 035 ## - SYSTEM CONTROL NUMBER | |
| System control number | B-032744 |
| 037 ## - SOURCE OF ACQUISITION | |
| Source of stock number/acquisition | Cen Lib/Ret |
| 040 ## - CATALOGING SOURCE | |
| Original cataloging agency | DPL |
| Language of cataloging | HN |
| 082 ## - DEWEY DECIMAL CLASSIFICATION NUMBER | |
| Classification number | 820.8 |
| Item number | सुरेश |
| 100 ## - MAIN ENTRY--PERSONAL NAME | |
| Personal name | सुरेश कुमार |
| 9 (RLIN) | 44495 |
| 245 ## - TITLE STATEMENT | |
| Title | शैलिविज्ञान / |
| Statement of responsibility, etc | सुरेश कुमार |
| 246 ## - VARYING FORM OF TITLE | |
| Title proper/short title | Shailivigyan / |
| Remainder of title | by Suresh Kumar |
| 260 ## - PUBLICATION, DISTRIBUTION, ETC. (IMPRINT) | |
| Place of publication, distribution, etc | नयी दिल्ली |
| Name of publisher, distributor, etc | वाणी प्रकाशन |
| Date of publication, distribution, etc | 1977 |
| 270 ## - ADDRESS | |
| Address | २१-ए, दरिया गंज |
| City | नयी दिल्ली |
| Postal code | 110002 |
| 300 ## - PHYSICAL DESCRIPTION | |
| Extent | 207पृ. |
| Dimensions | 20सेमी (सजिल्द) |
| 500 ## - GENERAL NOTE | |
| General note | परिशिष्ट शामिल |
| 650 ## - SUBJECT ADDED ENTRY--TOPICAL TERM | |
| Topical term or geographic name as entry element | हिंदी साहित्य |
| 9 (RLIN) | 44496 |
| 650 ## - SUBJECT ADDED ENTRY--TOPICAL TERM | |
| Topical term or geographic name as entry element | भारतीय संस्कृति |
| General subdivision | भाषामूलकता |
| 9 (RLIN) | 44497 |
| 650 ## - SUBJECT ADDED ENTRY--TOPICAL TERM | |
| Topical term or geographic name as entry element | Hindi Literature |
| 9 (RLIN) | 44498 |
| 650 ## - SUBJECT ADDED ENTRY--TOPICAL TERM | |
| Topical term or geographic name as entry element | Indian Culture |
| 9 (RLIN) | 3853 |
| 942 ## - ADDED ENTRY ELEMENTS (KOHA) | |
| Source of classification or shelving scheme | Dewey Decimal Classification |
| Koha item type | Hindi Books |
| Classification part | 820.8 |
| Call number suffix | सुरेश |
| Withdrawn status | Lost status | Damaged status | Not for loan | Home library | Current library | Date acquired | Source of acquisition | Cost, normal purchase price | Total Checkouts | Full call number | Barcode | Date last seen | Copy number | Cost, replacement price | Price effective from | Koha item type | Public note |
|---|---|---|---|---|---|---|---|---|---|---|---|---|---|---|---|---|---|
| Written off | Central Library | Central Library | 05/08/2015 | Cen Lib/Ret | 175.00 | 820.8 सुरेश | B-032744 | 05/08/2015 | 1 | 175.00 | 05/08/2015 | Hindi Books | Written off on approval by DLB (By Circulation); dtd 20.12.2022 |
